000 01175cab a2200205 4500
001 ##L132599
008 060221n2006 000 0 eng u
035 _a(Sirsi) u132599
041 0 _aeng
100 1 _aWinter, Jeremy
245 0 0 _aNo relief on PFI contracts
260 _c2006
490 0 _aConstruction News
_v(6954) 16 February 2006, 44(1)
520 _aGives the facts of, and comments upon, "Midland Expressway v Carillion Construction Ltd" ([2005] EWHC 2963 TCC, L132321), where it was decided that an attempt in a PFI contract to restrict the right to adjudication was unenforceable. This has serious implications for both the financing of future PFI projects, and the way subcontracts are drafted. Argues that the Housing Grants, Construction and Regeneration Act 1996 needs to be amended so that it applies to project agreements as well as sub-contracts.
590 _aIKA280206
650 2 4 _aMIDLAND EXPRESSWAY LTD V CARILLION CONSTRUCTION LTD AND OTHERS
650 2 4 _aHOUSING GRANTS, CONSTRUCTION AND REGENERATION ACT 1996
690 _aMANAGEMENT-DISPUTE AVOIDANCE, MANAGEMENT AND RESOLUTION-DISPUTE MANAGEMENT AND RESOLUTION-ADVOCACY
942 _n0
999 _c76520
_d76520